[Event "Online Olym Div2 C 2021"]
[Site "chess.com INT"]
[Date "2021.09.04"]
[Round "8.1"]
[Board "4"]
[White "Lampard, Alice"]
[Black "Norman, Kseniya"]
[Result "0-1"]
[WhiteElo "1763"]
[BlackElo "1842"]
[WhiteTeam "Scotland"]
[BlackTeam "Belarus"]
[WhiteFideId "2402750"]
[BlackFideId "13518780"]
[EventDate "2021.09.02"]
[EventType "team"]

1. d4 Nf6 2. c4 g6 3. Nc3 Bg7 4. e4 d6 5. Nf3 O-O 6. Be2 Nbd7 7. Qc2 e5 8. d5 a5
9. h3 Nc5 10. Be3 b6 11. O-O Bd7 12. Nd2 Ne8 13. Nb3 Nxb3 14. Qxb3 f5 15. f3 f4
16. Bf2 Nf6 17. Qd1 g5 18. Qe1 Qe8 19. Bd1 h5 20. Rc1 g4 21. fxg4 hxg4 22. hxg4
Nxg4 23. Bxg4 Bxg4 24. Nb5 f3 25. Bh4 Qg6 26. g3 Rf7 27. Rc2 Bh3 28. Rff2 Bg2
29. Rxg2 fxg2 30. Rxg2 Qg4 31. Rf2 Rxf2 32. Qxf2 Rf8 33. Qg2 Bh6 34. Kh1 Be3 35.
Nxc7 Rf2 36. Ne6 Rxg2 37. Kxg2 Qe2+ 38. Kh3 Qf1+ 39. Kg4 Qe2+ 40. Kh3 Qxb2 41.
Be7 Qb4 42. Nc7 Kf7 43. Bd8 Qxc4 44. Ne6 Qf1+ 45. Kg4 Qe2+ 46. Kh3 Qh5+ 47. Kg2
Qg4 48. Bc7 Qxe4+ 49. Kh3 Qxd5 50. Nd8+ Ke8 51. a4 Kd7 52. Bxb6 Bxb6 53. g4 Bxd8
54. g5 Bxg5 55. Kg4 e4 56. Kh5 e3 57. Kg6 e2 58. Kh5 e1=Q 59. Kg6 Qee6+ 60. Kh7
Qf7+ 61. Kh8 Bf6# 0-1

[Event "Online Olym Div2 C 2021"]
[Site "chess.com INT"]
[Date "2021.09.04"]
[Round "8.1"]
[Board "5"]
[White "Zarubitski, Viachaslau"]
[Black "Sanger, Jake M"]
[Result "1-0"]
[WhiteTitle "IM"]
[WhiteElo "2416"]
[BlackElo "1936"]
[WhiteTeam "Belarus"]
[BlackTeam "Scotland"]
[WhiteFideId "13509373"]
[BlackFideId "2406136"]
[EventDate "2021.09.02"]
[EventType "team"]

1. e4 c5 2. c3 Nf6 3. e5 Nd5 4. Nf3 Nc6 5. d4 cxd4 6. cxd4 d6 7. Bc4 Nb6 8. Bb5
dxe5 9. Nxe5 Bd7 10. Nxd7 Qxd7 11. Nc3 e6 12. O-O Be7 13. Qg4 Bf6 14. Rd1 Nd5
15. Ne4 Bxd4 16. Rxd4 f5 17. Qh5+ g6 18. Qh3 fxe4 19. Rxe4 O-O-O 20. Bg5 Rde8
21. Rae1 Kb8 22. Rxe6 Rxe6 23. Qxe6 Qxe6 24. Rxe6 Nc7 25. Bf4 Nd4 26. Re5 Ndxb5
27. Rxb5 Rd8 28. g3 b6 29. Re5 Rd7 30. h4 Kb7 31. Kg2 Nd5 32. Bg5 Kc6 33. a3 a5
34. h5 gxh5 35. Bh4 b5 36. Rxh5 Nb6 37. Bf6 Nc4 38. Bc3 a4 39. g4 Rd3 40. Rh6+
Kd5 41. Rxh7 Ke4 42. Rf7 Nxa3 43. g5 Nb1 44. g6 Nxc3 45. g7 Ne2 46. g8=Q Nf4+
47. Rxf4+ Kxf4 48. Qf7+ Ke4 49. Qe8+ 1-0

[Event "Online Olym Div2 C 2021"]
[Site "chess.com INT"]
[Date "2021.09.04"]
[Round "8.2"]
[Board "1"]
[White "Liyanage, Ranindu Dilshan"]
[Black "Tomic, Aleksandar"]
[Result "1-0"]
[WhiteTitle "CM"]
[BlackTitle "FM"]
[WhiteElo "2197"]
[BlackElo "2327"]
[WhiteTeam "Sri Lanka"]
[BlackTeam "Montenegro"]
[WhiteFideId "9915834"]
[BlackFideId "16501799"]
[EventDate "2021.09.02"]
[EventType "team"]

1. e4 c5 2. Nf3 e6 3. d4 cxd4 4. Nxd4 a6 5. c4 Nf6 6. Nc3 Bb4 7. Qd3 d6 8. Nc2
Bxc3+ 9. bxc3 Nbd7 10. Qxd6 Nxe4 11. Qd4 Nef6 12. Ba3 Qc7 13. Be2 e5 14. Qe3 Nb6
15. O-O Be6 16. Rfd1 Nbd7 17. Bd6 Qc6 18. Bf3 e4 19. Be2 Bxc4 20. Nb4 Qc8 21.
Rd4 Be6 22. Rad1 a5 23. Nc2 Qc6 24. c4 Rc8 25. Na3 Qb6 26. Nb5 Bxc4 27. Bxc4 1-0

[Event "Online Olym Div2 C 2021"]
[Site "chess.com INT"]
[Date "2021.09.04"]
[Round "8.2"]
[Board "2"]
[White "Sukovic, Andrej"]
[Black "Doluweera, Minul Sanjula"]
[Result "1/2-1/2"]
[WhiteTitle "FM"]
[BlackTitle "FM"]
[WhiteElo "2311"]
[BlackElo "2129"]
[WhiteTeam "Montenegro"]
[BlackTeam "Sri Lanka"]
[WhiteFideId "16502310"]
[BlackFideId "9910760"]
[EventDate "2021.09.02"]
[EventType "team"]

1. e4 c6 2. d4 d5 3. Nc3 dxe4 4. Nxe4 Bf5 5. Ng3 Bg6 6. h4 h6 7. Nf3 e6 8. Ne5
Bh7 9. Bd3 Bxd3 10. Qxd3 Nd7 11. Qe2 Ngf6 12. Bd2 c5 13. dxc5 Bxc5 14. O-O-O
Nxe5 15. Qxe5 Qd4 16. Qxd4 Bxd4 17. f3 O-O-O 18. Ne2 Bf2 19. Rhf1 Bb6 20. c4 Rd7
21. Bc3 Rhd8 22. g4 h5 23. Rxd7 Rxd7 24. g5 Ne8 25. Kc2 g6 26. b4 Be3 27. c5 Nc7
28. Ng3 Nb5 29. Ne4 b6 30. a4 Nxc3 31. Kxc3 bxc5 32. bxc5 Rd5 33. Kc4 Kc7 34.
Kb5 Rd3 35. a5 Rb3+ 36. Kc4 Ra3 37. Kb4 Ra2 38. Kb5 Rb2+ 39. Kc4 Rc2+ 40. Kd3
Rc1 41. Rxc1 Bxc1 42. Nd6 Kc6 43. Nxf7 Kxc5 44. Nh8 Kb5 45. Nxg6 Kxa5 46. Ne5
Kb5 47. Ke4 a5 48. f4 Ba3 49. Nd7 Bb2 50. Ne5 Ba3 51. Nd7 Bb2 52. Kd3 a4 53. Kc2
Bg7 54. Nf6 Kb4 55. Kb2 Kc4 56. Ka3 Kd4 57. Nxh5 Bf8+ 58. Kxa4 Ke4 59. g6 Kf5
60. g7 Bxg7 61. Nxg7+ Kxf4 62. Kb5 Kg4 63. h5 Kg5 64. Kc5 Kh6 65. Nxe6 Kxh5 1/2-1/2

[Event "Online Olym Div2 C 2021"]
[Site "chess.com INT"]
[Date "2021.09.04"]
[Round "8.2"]
[Board "3"]
[White "Premanath, Dinushki"]
[Black "Milovic, Aleksandra"]
[Result "1/2-1/2"]
[WhiteTitle "WFM"]
[BlackTitle "WIM"]
[WhiteElo "1793"]
[BlackElo "2129"]
[WhiteTeam "Sri Lanka"]
[BlackTeam "Montenegro"]
[WhiteFideId "9903542"]
[BlackFideId "933988"]
[EventDate "2021.09.02"]
[EventType "team"]

1. e4 c5 2. Nc3 Nc6 3. g3 g6 4. Bg2 Bg7 5. d3 d6 6. Be3 e6 7. Qd2 Rb8 8. Nge2 b5
9. d4 b4 10. Nd1 cxd4 11. Nxd4 Nge7 12. O-O O-O 13. Nxc6 Nxc6 14. Bh6 Qc7 15.
Bxg7 Kxg7 16. Ne3 h5 17. f4 Ne7 18. f5 exf5 19. exf5 Nxf5 20. Nxf5+ Bxf5 21.
Rxf5 gxf5 22. Qg5+ Kh8 23. Qxh5+ Kg8 24. Qg5+ Kh8 25. Qf6+ Kg8 26. Qg5+ Kh8 27.
Qf6+ Kg8 28. Qg5+ 1/2-1/2

[Event "Online Olym Div2 C 2021"]
[Site "chess.com INT"]
[Date "2021.09.04"]
[Round "8.2"]
[Board "4"]
[White "Koljevic, Nikolina"]
[Black "Tharushi, T H D Niklesha"]
[Result "1-0"]
[BlackTitle "WCM"]
[WhiteElo "1950"]
[BlackElo "1711"]
[WhiteTeam "Montenegro"]
[BlackTeam "Sri Lanka"]
[WhiteFideId "16503945"]
[BlackFideId "9918264"]
[EventDate "2021.09.02"]
[EventType "team"]

1. e4 c5 2. Nf3 d6 3. d4 cxd4 4. Qxd4 Nf6 5. Nc3 Nc6 6. Bb5 Bd7 7. Bxc6 Bxc6 8.
Bg5 e5 9. Qd3 h6 10. Bxf6 Qxf6 11. O-O-O Be7 12. Nd5 Bxd5 13. Qxd5 O-O 14. h4 b6
15. Qd3 Rac8 16. Kb1 Qe6 17. h5 Qg4 18. Rh3 Rc5 19. Rg1 Rfc8 20. Nh2 Qe6 21. c3
Ra5 22. a3 Qb3 23. Qc2 Rxa3 24. Qxb3 Rxb3 25. Kc2 Rb5 26. Rd1 Rbc5 27. Nf1 b5
28. Ne3 a5 29. Nf5 Kf8 30. Nxd6 Bxd6 31. Rxd6 Rc4 32. Rd5 Rxe4 33. Rxb5 Re2+ 34.
Kd3 Rxf2 35. Rxe5 Rxb2 36. Rxa5 Rxg2 37. Ra7 Rg5 38. Kd4 f6 39. c4 Rgc5 40. Rc3
R8c7 41. Rxc7 Rxc7 42. Kd5 Ke7 43. c5 f5 44. Ke5 Kd7 45. Kxf5 Kc6 46. Kg6 Kd5
47. c6 Kd6 48. Rc1 Kd5 49. Rd1+ Kxc6 50. Rc1+ Kd6 51. Rxc7 Kxc7 52. Kxg7 Kd6 53.
Kxh6 Ke7 54. Kg7 1-0

[Event "Online Olym Div2 C 2021"]
[Site "chess.com INT"]
[Date "2021.09.04"]
[Round "8.2"]
[Board "5"]
[White "De Silva, L M S T"]
[Black "Vujovic, Savo"]
[Result "1-0"]
[WhiteTitle "FM"]
[WhiteElo "2085"]
[BlackElo "2151"]
[WhiteTeam "Sri Lanka"]
[BlackTeam "Montenegro"]
[WhiteFideId "9953698"]
[BlackFideId "16504020"]
[EventDate "2021.09.02"]
[EventType "team"]

1. e4 c5 2. Nf3 Nc6 3. Bb5 g6 4. Bxc6 bxc6 5. O-O Bg7 6. Re1 Nh6 7. c3 d6 8. h3
O-O 9. d4 cxd4 10. cxd4 f6 11. Nc3 Nf7 12. b3 e5 13. Bb2 Qe7 14. Qc2 Rd8 15.
Rad1 Be6 16. d5 cxd5 17. Nxd5 Qb7 18. Qd3 Rac8 19. Nc3 f5 20. Nd2 fxe4 21. Ncxe4
d5 22. Ng3 e4 23. Qb1 Ne5 24. Nf3 Nxf3+ 25. gxf3 Rf8 26. Bxg7 Qxg7 27. fxe4 Qf7
28. Rd2 dxe4 29. Qxe4 Bxh3 30. Qh4 Rcd8 31. Re7 1-0

[Event "Online Olym Div2 C 2021"]
[Site "chess.com INT"]
[Date "2021.09.04"]
[Round "8.2"]
[Board "6"]
[White "Popovic, Mateja"]
[Black "Sanudula, K M Dahamdi"]
[Result "0-1"]
[BlackTitle "WCM"]
[WhiteElo "1714"]
[BlackElo "1717"]
[WhiteTeam "Montenegro"]
[BlackTeam "Sri Lanka"]
[WhiteFideId "16504518"]
[BlackFideId "9932470"]
[EventDate "2021.09.02"]
[EventType "team"]

1. d4 Nf6 2. Nf3 e6 3. Bg5 Be7 4. Nbd2 d5 5. c3 O-O 6. e3 Nbd7 7. Be2 b6 8. O-O
Bb7 9. a4 Ne4 10. Bxe7 Qxe7 11. Bd3 c5 12. Qc2 f5 13. b3 Rac8 14. c4 cxd4 15.
exd4 Qf6 16. Rfe1 g5 17. Ne5 Nxe5 18. dxe5 Qxe5 19. f3 Qd4+ 20. Kh1 Nf2+ 0-1

[Event "Online Olym Div2 C 2021"]
[Site "chess.com INT"]
[Date "2021.09.04"]
[Round "8.3"]
[Board "2"]
[White "Pasko, Llambi"]
[Black "Elsness, Frode"]
[Result "1/2-1/2"]
[WhiteTitle "IM"]
[BlackTitle "IM"]
[WhiteElo "2411"]
[BlackElo "2467"]
[WhiteTeam "Albania"]
[BlackTeam "Norway"]
[WhiteFideId "4701178"]
[BlackFideId "1501100"]
[EventDate "2021.09.02"]
[EventType "team"]

1. d4 d5 2. c4 e6 3. Nf3 a6 4. e3 Nf6 5. Nbd2 c5 6. dxc5 Bxc5 7. Nb3 Ba7 8. cxd5
exd5 9. Be2 O-O 10. O-O Nc6 11. Nbd4 Ne4 12. h3 Qe7 13. Bd2 Nxd4 14. exd4 Nxd2
15. Qxd2 Bf5 16. Bd3 Be6 17. Qf4 Bb8 18. Qe3 Qd6 19. Rfe1 Bc7 20. Kf1 Rfe8 21.
a3 Qf4 22. Qxf4 Bxf4 23. b4 Rac8 24. a4 Kf8 25. b5 Rc3 26. Be2 a5 27. b6 Rec8
28. Bb5 Rc2 29. Kg1 Rb2 30. Re2 Rxe2 31. Bxe2 Rc2 32. Bb5 Ke7 33. Re1 Kd6 34. g3
Bh6 35. Kg2 g6 36. Ne5 Rd2 37. Nf3 Rb2 38. Ne5 Rd2 39. Nf3 Rc2 40. Ne5 Rd2 1/2-1/2

[Event "Online Olym Div2 C 2021"]
[Site "chess.com INT"]
[Date "2021.09.04"]
[Round "8.3"]
[Board "3"]
[White "Dolzhikova, Olga"]
[Black "Shabanaj, Eglantina"]
[Result "0-1"]
[WhiteTitle "WGM"]
[BlackTitle "WCM"]
[WhiteElo "2187"]
[BlackElo "2014"]
[WhiteTeam "Norway"]
[BlackTeam "Albania"]
[WhiteFideId "14105870"]
[BlackFideId "4700562"]
[EventDate "2021.09.02"]
[EventType "team"]

1. e4 g6 2. d4 Bg7 3. Nc3 d6 4. Be3 Nd7 5. Qd2 c6 6. h4 h5 7. Bc4 b5 8. Bb3 a5
9. a4 b4 10. Nce2 Ngf6 11. f3 Qc7 12. Nh3 O-O 13. Nef4 d5 14. exd5 cxd5 15. Nxd5
Nxd5 16. Bxd5 Ra7 17. O-O Nb6 18. Bb3 Bxh3 19. gxh3 Nc4 20. Bxc4 Qxc4 21. Rad1
Rd7 22. Qd3 Qc7 23. Kg2 Rfd8 24. c3 e5 25. cxb4 axb4 26. d5 Rxd5 27. Qxd5 Rxd5
28. Rxd5 Qc6 29. Rd8+ Kh7 30. a5 e4 31. f4 Bf6 32. Rd2 Bxh4 33. Rfd1 Qa6 34. Bb6
Qc4 35. Kg1 Qb3 36. a6 e3 37. Rd3 e2 0-1

[Event "Online Olym Div2 C 2021"]
[Site "chess.com INT"]
[Date "2021.09.04"]
[Round "8.3"]
[Board "4"]
[White "Tuzi, Bruna"]
[Black "Machlik, Monika"]
[Result "0-1"]
[WhiteTitle "WFM"]
[WhiteElo "1971"]
[BlackElo "2096"]
[WhiteTeam "Albania"]
[BlackTeam "Norway"]
[WhiteFideId "4701100"]
[BlackFideId "1513621"]
[EventDate "2021.09.02"]
[EventType "team"]

1. e4 c6 2. d4 d5 3. exd5 cxd5 4. Nf3 Nc6 5. h3 Nf6 6. Bd3 g6 7. O-O Bg7 8. c3
Bf5 9. Be3 Bxd3 10. Qxd3 O-O 11. Re1 Ne4 12. Nbd2 Nd6 13. Bf4 Rc8 14. Re2 e6 15.
Rae1 Na5 16. Ne5 Nac4 17. Ndf3 Nxe5 18. Bxe5 Nc4 19. Bxg7 Kxg7 20. Ne5 Nxe5 21.
Rxe5 Rc6 22. f4 Qb6 23. a3 Qxb2 24. R5e3 Rfc8 25. Rb1 Qxa3 26. f5 Rxc3 27. f6+
Kg8 28. Qb5 Rxe3 29. Qxb7 Rec3 30. Rb4 Qc1+ 31. Kh2 Qf4+ 32. Kg1 Rc1# 0-1

[Event "Online Olym Div2 C 2021"]
[Site "chess.com INT"]
[Date "2021.09.04"]
[Round "8.3"]
[Board "6"]
[White "Shuqja, Klean"]
[Black "Lindstad, Livia"]
[Result "1-0"]
[WhiteTitle "WCM"]
[WhiteElo "1877"]
[BlackElo "1742"]
[WhiteTeam "Albania"]
[BlackTeam "Norway"]
[WhiteFideId "4701585"]
[BlackFideId "1532405"]
[EventDate "2021.09.02"]
[EventType "team"]

1. e4 c5 2. Nf3 e6 3. d4 cxd4 4. Nxd4 Nc6 5. Be3 a6 6. Be2 Qc7 7. O-O Nf6 8. Nc3
b5 9. Bd3 Bb4 10. Nxc6 dxc6 11. Qd2 c5 12. a3 Ba5 13. b4 cxb4 14. axb4 Bb6 15.
Bxb5+ Bd7 16. Rxa6 Rxa6 17. Bxa6 O-O 18. Bxb6 Qxb6 19. e5 Ng4 20. Qxd7 Qxa6 21.
Qd4 Nh6 22. g4 Qc6 23. h3 Rc8 24. Rd1 g6 25. b5 Qb7 26. Qf4 Qc7 27. Rd3 Kg7 28.
Qf6+ Kg8 29. Kh2 Qb6 30. Rf3 Rb8 31. Ne4 Qxb5 32. Nd6 Qd7 33. c4 Rb2 34. Ra3 Rb8
35. Rf3 Rb2 36. c5 Rb8 37. c6 Qc7 38. Qf4 Kg7 39. Qf6+ Kg8 40. Kg3 Rf8 41. Rc3
Rb8 42. Qf4 Kg7 43. Qc4 Ng8 44. Nb5 Qc8 45. c7 Rb7 46. Nd6 Rxc7 47. Qxc7 Qxc7
48. Rxc7 Nh6 49. g5 Nf5+ 50. Nxf5+ gxf5 51. h4 Kg6 52. Rd7 f4+ 53. Kxf4 f6 54.
gxf6 h5 55. f7 Kg7 56. f8=Q+ Kxf8 57. Kg5 Ke8 58. Ra7 Kf8 59. Kf6 Ke8 60. Kxe6
Kd8 61. Rh7 Kc8 62. Kd6 Kb8 63. Kc6 Kc8 64. Rh8# 1-0

[Event "Online Olym Div2 C 2021"]
[Site "chess.com INT"]
[Date "2021.09.04"]
[Round "8.4"]
[Board "1"]
[White "Mwadzura, Roy"]
[Black "Agrest, Evgenij"]
[Result "0-1"]
[BlackTitle "GM"]
[WhiteElo "2017"]
[BlackElo "2568"]
[WhiteTeam "Zimbabwe"]
[BlackTeam "Sweden"]
[WhiteFideId "11004436"]
[BlackFideId "1705024"]
[EventDate "2021.09.02"]
[EventType "team"]

1. e4 c6 2. d4 d5 3. e5 Bf5 4. Ne2 e6 5. Ng3 Bg6 6. h4 h5 7. Bd3 Bxd3 8. cxd3 g6
9. Ne2 c5 10. dxc5 Bxc5 11. d4 Be7 12. g3 Nc6 13. Nbc3 a6 14. Be3 b5 15. Rc1 Rc8
16. Kf1 Qb6 17. Kg2 Kf8 18. Qd3 Kg7 19. Nf4 Nh6 20. Rhd1 Nf5 21. Nh3 b4 22. Na4
Qb5 23. b3 Nxe5 24. Qd2 Nc6 25. Bg5 Bxg5 26. Qxg5 Qe2 27. Nc5 Ncxd4 28. Ng1 Qg4
29. Qxg4 hxg4 30. Nxa6 Nc2 31. Kh1 Rc6 32. Rd2 Nfd4 33. Nc5 g5 34. Ne2 Nxe2 35.
Rcxc2 Nc3 36. Nd3 gxh4 37. Nxb4 hxg3+ 38. Kg2 Rcc8 39. fxg3 Rhd8 40. Nd3 Ne4 41.
Re2 f5 42. Nf4 Kf6 43. Nd3 d4 44. b4 Rc3 45. Rxc3 dxc3 46. Nf4 Rb8 47. a3 Ra8
48. Ra2 c2 49. Rxc2 Rxa3 50. Rc6 Rxg3+ 51. Kh2 Rb3 52. Nxe6 Ke5 53. Ng7 Rb2+ 54.
Kg1 f4 55. Re6+ Kd5 56. Rg6 Rb1+ 57. Kh2 g3+ 58. Kg2 Rb2+ 59. Kf3 Rf2+ 60. Kg4
g2 61. Kh3 f3 62. Nh5 Ke5 63. Rg8 Rf1 0-1

[Event "Online Olym Div2 C 2021"]
[Site "chess.com INT"]
[Date "2021.09.04"]
[Round "8.4"]
[Board "2"]
[White "Blomqvist, Erik"]
[Black "Mapuranga, Vitalis"]
[Result "1-0"]
[WhiteTitle "GM"]
[WhiteElo "2536"]
[BlackElo "2008"]
[WhiteTeam "Sweden"]
[BlackTeam "Zimbabwe"]
[WhiteFideId "1709437"]
[BlackFideId "11004380"]
[EventDate "2021.09.02"]
[EventType "team"]

1. e4 c6 2. d4 d5 3. exd5 cxd5 4. Bd3 Nc6 5. c3 Qc7 6. h3 g6 7. Nf3 Bf5 8. Be2
Bg7 9. O-O Nf6 10. Be3 O-O 11. Nbd2 Ne4 12. Rc1 Nxd2 13. Qxd2 Rad8 14. Bf4 e5
15. dxe5 Nxe5 16. Nd4 Bc8 17. Rfe1 a6 18. Bf1 Rfe8 19. Bg5 f6 20. Bf4 Qf7 21. b3
g5 22. Bg3 h6 23. Rcd1 f5 24. f4 Ng6 25. Rxe8+ Rxe8 26. Ne2 g4 27. Qxd5 Be6 28.
Qd2 h5 29. Nd4 Kh8 30. Nxe6 Qxe6 31. hxg4 fxg4 32. Qd5 Qe3+ 33. Bf2 Nxf4 34. Qf7 1-0

[Event "Online Olym Div2 C 2021"]
[Site "chess.com INT"]
[Date "2021.09.04"]
[Round "8.4"]
[Board "3"]
[White "Charinda, Kudzanayi"]
[Black "Cramling, Pia"]
[Result "0-1"]
[WhiteTitle "WCM"]
[BlackTitle "GM"]
[WhiteElo "1728"]
[BlackElo "2455"]
[WhiteTeam "Zimbabwe"]
[BlackTeam "Sweden"]
[WhiteFideId "11000538"]
[BlackFideId "1700030"]
[EventDate "2021.09.02"]
[EventType "team"]

1. e4 c5 2. Nf3 e6 3. d4 cxd4 4. Nxd4 a6 5. Nc3 Qc7 6. Bd3 Nf6 7. O-O d6 8. Kh1
b5 9. f4 Nbd7 10. Be3 Bb7 11. f5 e5 12. Nf3 b4 13. Ne2 Nxe4 14. Bxe4 Bxe4 15.
Rc1 Nf6 16. Ng3 Bc6 17. Qe1 Qb7 18. Bd2 a5 19. c3 bxc3 20. Bxc3 Be7 21. a3 h5
22. h3 h4 23. Ne2 Bb5 24. Nd2 Nh5 25. Rf2 Bg5 26. Nd4 Ba6 27. N4f3 Bd8 28. Ne4
Qxe4 29. Qd2 Qd3 30. Qe1 O-O 31. Rd1 Qe4 32. Rxd6 Qxe1+ 33. Bxe1 Ng3+ 34. Kh2
Ne4 0-1

[Event "Online Olym Div2 C 2021"]
[Site "chess.com INT"]
[Date "2021.09.04"]
[Round "8.4"]
[Board "4"]
[White "Frisk, Ellinor"]
[Black "Makwena, Christine"]
[Result "1/2-1/2"]
[WhiteTitle "WIM"]
[WhiteElo "2176"]
[BlackElo "1614"]
[WhiteTeam "Sweden"]
[BlackTeam "Zimbabwe"]
[WhiteFideId "1708481"]
[BlackFideId "11003391"]
[EventDate "2021.09.02"]
[EventType "team"]

1. Nf3 Nf6 2. c4 g6 3. g3 Bg7 4. Bg2 d6 5. O-O O-O 6. Nc3 c6 7. d3 Bg4 8. Rb1
Nbd7 9. b4 e5 10. Qb3 Rb8 11. a4 Bxf3 12. Bxf3 Qc7 13. Ba3 Rfe8 14. b5 c5 15.
Bc1 h6 16. Bd2 Nf8 17. Nd5 Nxd5 18. Bxd5 b6 19. Bc3 Ne6 20. Bxe6 Rxe6 21. e4 Re7
22. Ra1 Qd7 23. a5 Qg4 24. Qd1 Qxd1 25. Rfxd1 Reb7 26. axb6 axb6 27. Rd2 Kh7 28.
Rda2 Kg8 29. Ra7 Kf8 30. Kf1 Ke7 31. Ke2 Ke6 32. Rxb7 Rxb7 33. Ra8 f6 34. f3 Ke7
35. Bd2 g5 36. f4 Kf7 37. Kf3 Bf8 38. Kg4 Bg7 39. Kf5 Bf8 40. fxg5 fxg5 41. h4
gxh4 42. gxh4 Bg7 43. h5 Bf8 44. Be3 Bg7 45. Bf2 Bf6 46. Be3 Bg7 47. Rd8 Ke7 48.
Ra8 Kf7 1/2-1/2

[Event "Online Olym Div2 C 2021"]
[Site "chess.com INT"]
[Date "2021.09.04"]
[Round "8.4"]
[Board "5"]
[White "Moyo Blessing"]
[Black "Seo, Jung Min"]
[Result "0-1"]
[BlackTitle "IM"]
[WhiteElo "1804"]
[BlackElo "2469"]
[WhiteTeam "Zimbabwe"]
[BlackTeam "Sweden"]
[WhiteFideId "11010673"]
[BlackFideId "1734687"]
[EventDate "2021.09.02"]
[EventType "team"]

1. e4 e6 2. d3 d5 3. Nd2 c5 4. Ngf3 Nc6 5. g3 Nf6 6. Bg2 Be7 7. O-O O-O 8. Re1
b5 9. e5 Nd7 10. Nf1 a5 11. h4 a4 12. a3 Re8 13. h5 h6 14. N1h2 b4 15. Ng4 Bf8
16. Bf4 bxa3 17. bxa3 Nd4 18. Qd2 Qa5 19. Qc1 Nf5 20. Bd2 Qd8 21. Ne3 Nxe3 22.
Bxe3 Bb7 23. Bf4 Rc8 24. g4 d4 25. g5 Bxf3 26. Bxf3 hxg5 27. Bxg5 Be7 28. Bxe7
Qxe7 29. Qf4 f6 30. exf6 Qxf6 31. Qg3 Rf8 32. Be4 c4 33. Bh7+ Kxh7 34. f4 cxd3 0-1

[Event "Online Olym Div2 C 2021"]
[Site "chess.com INT"]
[Date "2021.09.04"]
[Round "8.4"]
[Board "6"]
[White "Zaritovskaja, Margarita"]
[Black "Muyambiri, Edith"]
[Result "1-0"]
[WhiteElo "2040"]
[BlackElo "1265"]
[WhiteTeam "Sweden"]
[BlackTeam "Zimbabwe"]
[WhiteFideId "14149249"]
[BlackFideId "11005980"]
[EventDate "2021.09.02"]
[EventType "team"]

1. e4 c6 2. Nf3 d5 3. Nc3 dxe4 4. Nxe4 Bf5 5. Ng3 Bg6 6. Bc4 Nf6 7. h4 Nh5 8.
Nxh5 Bxh5 9. Ne5 Bg6 10. h5 Qd4 11. Qe2 Be4 12. Bxf7+ Kd8 13. Rh4 Qxe5 14. Rxe4
Qf6 15. Be6 g6 16. d4 Na6 17. Bd2 Kc7 18. Bf4+ Kd8 19. O-O-O Bg7 20. h6 Bf8 21.
d5 c5 22. Qb5 Nb8 23. Bxb8 1-0

[Event "Online Olym Div2 C 2021"]
[Site "chess.com INT"]
[Date "2021.09.04"]
[Round "8.5"]
[Board "1"]
[White "Martins, David Pires Tavares"]
[Black "Smirin, Ilia"]
[Result "1/2-1/2"]
[WhiteTitle "IM"]
[BlackTitle "GM"]
[WhiteElo "2398"]
[BlackElo "2616"]
[WhiteTeam "Portugal"]
[BlackTeam "Israel"]
[WhiteFideId "1909991"]
[BlackFideId "2801990"]
[EventDate "2021.09.02"]
[EventType "team"]

1. d4 Nf6 2. c4 g6 3. Nc3 Bg7 4. e4 d6 5. Nf3 O-O 6. Be3 e5 7. Be2 Nbd7 8. O-O
Qe7 9. d5 Ne8 10. Nd2 f5 11. f3 f4 12. Bf2 g5 13. b4 Rf6 14. Qc2 Rg6 15. c5 Ndf6
16. Rfc1 g4 17. Kf1 g3 18. hxg3 fxg3 19. Bg1 Nh5 20. Nb5 Bh3 21. gxh3 Qh4 22.
Ke1 Nf4 23. Nc4 Bh6 24. Be3 Nxh3 25. Kd2 g2 26. Rg1 a6 27. Nc3 b5 28. cxb6 cxb6
29. Qd1 Rc8 30. Qe1 Bxe3+ 31. Nxe3 Qf4 32. Bxa6 Ng5 33. Bxc8 Nxf3+ 34. Kd3 Nxe1+
35. Raxe1 Nf6 36. Re2 h5 37. Rexg2 Rxg2 38. Rxg2+ Kh8 39. a4 Qh6 40. a5 bxa5 41.
bxa5 Qf8 42. Bb7 Qb8 43. a6 Qa7 44. Ra2 Nd7 45. Nb5 Qb6 46. Bc6 Nc5+ 47. Ke2
Nxa6 48. Nc4 Qc5 49. Nxe5 Nb4 50. Ra8+ Kh7 51. Ra7+ Kh6 52. Nf7+ Kg6 53. Nfxd6
Qc2+ 54. Ke3 Qd3+ 55. Kf4 Qf1+ 56. Ke3 Qd3+ 57. Kf4 Qf1+ 58. Ke3 Qd3+ 1/2-1/2

[Event "Online Olym Div2 C 2021"]
[Site "chess.com INT"]
[Date "2021.09.04"]
[Round "8.5"]
[Board "2"]
[White "Rodshtein, Maxim"]
[Black "Fidalgo, Andre Neves"]
[Result "1-0"]
[WhiteTitle "GM"]
[WhiteElo "2599"]
[BlackElo "2263"]
[WhiteTeam "Israel"]
[BlackTeam "Portugal"]
[WhiteFideId "2806851"]
[BlackFideId "1933620"]
[EventDate "2021.09.02"]
[EventType "team"]

1. d4 Nf6 2. c4 g6 3. Nc3 d5 4. cxd5 Nxd5 5. e4 Nxc3 6. bxc3 Bg7 7. Bc4 c5 8.
Ne2 Nc6 9. Be3 O-O 10. O-O Bg4 11. f3 Na5 12. Bd3 cxd4 13. cxd4 Be6 14. d5 Bxa1
15. Qxa1 f6 16. h4 Rc8 17. h5 Bf7 18. Qd4 a6 19. a4 Qd6 20. Rb1 Qa3 21. hxg6
hxg6 22. Bc1 Qa2 23. Qb4 Nc4 24. Nc3 a5 25. Qxe7 Qxb1 26. Bxb1 Ne5 27. Bh6 1-0

[Event "Online Olym Div2 C 2021"]
[Site "chess.com INT"]
[Date "2021.09.04"]
[Round "8.5"]
[Board "3"]
[White "Silva, Mariana Sofia T."]
[Black "Klinova, Masha"]
[Result "0-1"]
[WhiteTitle "WCM"]
[BlackTitle "IM"]
[WhiteElo "1933"]
[BlackElo "2263"]
[WhiteTeam "Portugal"]
[BlackTeam "Israel"]
[WhiteFideId "1911899"]
[BlackFideId "2802015"]
[EventDate "2021.09.02"]
[EventType "team"]

1. Nf3 g6 2. g3 Bg7 3. Bg2 Nf6 4. d4 d6 5. b3 O-O 6. Bb2 c6 7. Nbd2 Bf5 8. Nh4
Be6 9. e4 d5 10. e5 Nfd7 11. O-O f6 12. f4 a5 13. Qe2 fxe5 14. fxe5 Na6 15.
Rxf8+ Nxf8 16. Nhf3 Bh6 17. a3 Qd7 18. c4 Nc7 19. Rf1 Bg4 20. Qf2 Nfe6 21. h3
Bxf3 22. Nxf3 Rf8 23. Qe1 a4 24. cxd5 Nxd5 25. b4 Ne3 26. Rf2 Nxg2 27. Kxg2 Qd5
28. Qe2 Ng5 29. h4 Ne4 30. Rf1 Nd2 31. Rf2 Nc4 32. Bc3 Nxa3 33. Kh2 Nb5 34. Ba1
a3 35. Ng5 Rxf2+ 36. Qxf2 Bxg5 37. hxg5 a2 38. Qe3 Nc7 39. Qa3 Kg7 40. Qe3 Ne6
41. Qf2 Qb3 42. Qe1 Qc2+ 43. Kg1 Qb1 44. Kf2 Qxe1+ 45. Kxe1 Nxg5 46. Kd2 Ne4+
47. Kc2 Nxg3 48. Kb3 h5 49. d5 cxd5 50. e6+ Kf8 51. Kxa2 Ne2 52. Be5 g5 53. Kb3
g4 54. Kc2 g3 55. Kd3 g2 0-1